00504nam a2200169Ia 4500008004100000020001800041100002700059245003900086250000600125260003900131300001700170500002400187650001500211942000700226952008400233999001700317230524s9999 xx 000 0 und d a9788189866273 aR.L. Narasimham943006 0aAnalysis of Linear Control Systems a1 aNew DelhibI.K.Internationalc2013 a"XVII,809p;" aQuantity Number: 1 aElectrical cBK 00104070aTATCLbTATCLcGENd2023-05-24l0p54243r2023-05-24w2023-05-24yBK c57952d57952